Normal view
MARC view
Entry Personal Name
001 - CONTROL NUMBER
- control field: 19060
003 - CONTROL NUMBER IDENTIFIER
- control field: OSt
005 - DATE AND TIME OF LATEST TRANSACTION
- control field: 20260308195557.0
008 - FIXED-LENGTH DATA ELEMENTS
- fixed length control field: 260308|| aca||aabn | a|a d
040 ## - CATALOGING SOURCE
- Original cataloging agency: OSt
- Transcribing agency: OSt
100 ## - HEADING--PERSONAL NAME
- Personal name: Sambajon, Cherry Ann R., author
670 ## - SOURCE DATA FOUND
- Source citation: Work cat.: (OSt)4832: Grospe, Elyssa C., author. 19058, Halo-panada food stall: an enterprise development project /, 2024
